000 00499nam a22002057a 4500
005 20240209043259.0
008 240209b |||||||| |||| 00| 0 eng d
020 _a9559033050.
082 _222
_a306.8.
_bLOV.
100 _aWeerakoon, K Patricia.
100 _aAbayasekara, Anne.
245 _aLove, sex & Marriage :
250 _a1st.
260 _aColombo. :
_bEvangel press limited /
_c1990.
300 _ax, 74 .
650 _aLove.
650 _aSex.
650 _aMarriage.
942 _cL
999 _c359
_d359